Cup of Cups - Statistics

Statistiche generali
  • Questo quiz è stato fatto 6 volte
  • Il punteggio medio è 42 su 471
Statistiche sulle risposte
Indizio Risposta % Corretto
Italia Inter
100%
Italia (🏆×1) Juventus
100%
Inghilterra (🏆×1) Arsenal
75%
Spagna (🏆×4) Barcellona
75%
Germania (🏆×1) Bayern Monaco
75%
Irlanda del Nord Carrick Rangers
75%
Scozia Celtic
75%
Irlanda Cork Celtic
75%
Francia Lione
75%
Inghilterra (🏆×1) Manchester City
75%
Francia Marsiglia
75%
Italia (🏆×2) Milan
75%
Scozia (🏆×1) Rangers
75%
Romania Rapid Bucarest
75%
Spagna Real Madrid
75%
Italia (🏆×1) Sampdoria
75%
Spagna (🏆×1) Valencia
75%
Olanda (🏆×1) Ajax
50%
Ucraina Arsenal Kiev
50%
Italia Atalanta
50%
Spagna (🏆×1) Atletico Madrid
50%
Italia Bologna
50%
Germania (🏆×1) Borussia Dortmund
50%
Ungheria Bvsc Budapest
50%
Inghilterra (🏆x2) Chelsea
50%
Bulgaria CSKA Sofia
50%
Romania Dinamo Bucarest
50%
Italia (🏆×1) Fiorentina
50%
Italia (🏆×1) Lazio
50%
Inghilterra Liverpool
50%
Israele Maccabi Tel Aviv
50%
Inghilterra (🏆×1) Manchester United
50%
Ungheria MTK Budapest
50%
Italia (🏆×1) Parma
50%
Romania Progresul Bucarest
50%
Francia (🏆×1) Psg
50%
Austria Rapid Vienna
50%
Italia Roma
50%
Francia Strasburgo
50%
Italia Torino
50%
Inghilterra (🏆×1) Tottenham
50%
Scozia (🏆×1) Aberdeen
25%
Grecia AEK Atene
25%
Cipro APOEL
25%
Spagna Athletic Bilbao
25%
Austria Austria Vienna
25%
Irlanda del Nord Ballymena United
25%
Svizzera Basilea
25%
Germania Bayer Leverkusen
25%
Portogallo Benfica
25%
Turchia Besiktas
25%
Portogallo Boavista
25%
Galles Borough United
25%
Belgio Club Brugge
25%
Russia CSKA Mosca
25%
Bielorussia Dinamo-93 Minsk
25%
Albania Dinamo City
25%
Ucraina (🏆×2) Dinamo kiev
25%
Bielorussia Dinamo Minsk
25%
Russia Dinamo Mosca
25%
Georgia (🏆×1) Dinamo Tblisi
25%
Croazia Dinamo Zagabria
25%
Repubblica Ceca Dukla Praga
25%
Scozia Dundee
25%
Inghilterra (🏆×1) Everton
25%
Ungheria Ferencvaros
25%
Slovacchia FK DAC
25%
Macedonia del Nord FK Vardar
25%
Turchia Galatasaray
25%
Irlanda Galway United
25%
Malta Gzira United
25%
Croazia Hadjuk Spalato
25%
Israele Hapoel Be'er Sheva
25%
Bulgaria Levski Sofia
25%
Germania Est Lokomotiv Lipsia
25%
Bulgaria Lokomotiv Sofia
25%
Svizzera Lugano
25%
Israele Maccabi Haifa
25%
Spagna Maiorca
25%
Francia Monaco
25%
Germania Monaco 1860
25%
Olanda NAC Breda
25%
Italia Napoli
25%
Grecia Ofi Creta
25%
Cipro Omonia Nicosia
25%
Romania Politehnica Timişoara
25%
Portogallo Porto
25%
Olanda Psv
25%
Spagna Real Betis
25%
Francia Rennes
25%
Austria Salisburgo
25%
Germania Est Sanchen Lipsia
25%
Germania Schalke 04
25%
Spagna Siviglia
25%
Russia SKA Rostov-na-Donu
25%
Bulgaria Slavia Sofia
25%
Repubblica Ceca Spartak Brno
25%
Russia Spartak Mosca
25%
Slovacchia Spartak Trvana
25%
Bulgaria Spartak Varna
25%
Repubblica Ceca Sparta Praga
25%
Olanda Sparta Rotterdam
25%
Portogallo (🏆×1) Sporting Lisbona
25%
Serbia Stella Rossa
25%
Romania U cluj
25%
Lussemburgo Union Luxembourg
25%
Germania (🏆×1) Werder Brema
25%
Danimarca Aalborg
0%
Svizzera Aarau
0%
Danimarca Aarhus
0%
Albania Abpetrol
0%
Portogallo Academica Coimbra
0%
Austria Admira Vienna
0%
Austria Admira Wacker
0%
Cipro AEK Larnaca
0%
Cipro AEL
0%
Finlandia AIFK
0%
Svezia AIK
0%
Scozia Airdrieonians
0%
Lussemburgo Alliance Dudelange
0%
Turchia Altay
0%
Germania (🏆×1) Amburgo
0%
Polonia Amica Wronki
0%
Belgio (🏆×2) Anderlecht
0%
Cipro Anorthosis Famagosta
0%
Belgio Anversa
0%
Cipro Apollon Limassol
0%
Albania Apolonia Fier
0%
Armenia Araks Ararat
0%
Armenia Ararat
0%
Irlanda del Nord Ards
0%
Lussemburgo Aris Bomevoie
0%
Grecia Aris Salonicco
0%
Polonia Arka Gdymia
0%
Grecia Athinaikos
0%
Svezia Åtvidaberg
0%
Francia Auxerre
0%
Lussemburgo Avenir Beggen
0%
Olanda Az
0%
Romania Bacău
0%
Romania Baia Mare
0%
Irlanda del Nord Bangor
0%
Galles Bangor City
0%
Repubblica Ceca Banik Ostrava
0%
Francia Bastia
0%
Germania Bayer Uerdingen
0%
Belgio Beerschot
0%
Ungheria Bekescsaba
0%
Portogallo Belenenses
0%
Belgio Bereven
0%
Germania Est Berliner Dinamo
0%
Bulgaria Beroe
0%
Albania Besa Kavaje
0%
Danimarca BK Frem
0%
Bulgaria Blagoevgrad
0%
Norvegia Bodø Glimt
0%
Irlanda Bohemians
0%
Danimarca Boldklubben 1893
0%
Danimarca Boldklubben 1909
0%
Danimarca Boldklubben 1913
0%
Serbia Bor
0%
Bosnia Erzegovina Borac Banja
0%
Francia Bordeaux
0%
Germania Borussia Mönchengladbach
0%
Bulgaria Botev Plovdiv
0%
Portogallo Braga
0%
Norvegia Brann
0%
Irlanda Bray Wanderers
0%
Danimarca Brondby
0%
Turchia Bursaspor
0%
Norvegia Byrne
0%
Galles Cardiff City
0%
Germania Est Carl Zeiss Jena
0%
Slovenia Celje
0%
Belgio Cercle Brugge
0%
Slovacchia(Non pagina su wikipedia) Chemlon Humenne
0%
Ucraina Chernomorets
0%
Romania Chimia Rimnicu Galaţi
0%
Irlanda del Nord Cliftonville
0%
Irlanda del Nord Coleraine
0%
Germania Colonia
0%
Danimarca Copenhagen
0%
Irlanda Cork Bohemians
0%
Irlanda Cork City
0%
Irlanda del Nord Crusaders
0%
Galles Cwmbran
0%
Svezia Degerfors
0%
Olanda Den Haag
0%
Spagna Deportivo la coruna
0%
Irlanda Derry City
0%
Georgia Dinamo Batumi
0%
Germania Est Dinamo Dresda
0%
Ungheria Diosgyori
0%
Svezia Djurgårdens
0%
Germania Duisburg
0%
Scozia Dumfermline
0%
Ungheria Dunakanyar-Vac
0%
Irlanda Dundalk
0%
Scozia Dundee united
0%
Germania Eintracht Francoforte
0%
Germania Est Eisenhuttenstadter
0%
Cipro EN Paralimni
0%
Danimarca Esbjerg
0%
Turchia Eskisehirspor
0%
Portogallo Estrela da Amadora
0%
Lussemburgo F91 Dudelange
0%
Bielorussia(no pagina su wilipedia) Fandonie Babrujsk
0%
Finlandia FC KTP
0%
Romania FCM Dunãrea Galaţi
0%
Turchia Fenerbahce
0%
Olanda Feyenoord
0%
Irlanda Finn Harps
0%
Bulgaria(no pagina su wikipedia) FK Cernomorec Burgas
0%
Albania Flamurtari
0%
Malta Floriana
0%
Lussemburgo Fola Esch
0%
Germania Fortuna Dusseldorf
0%
Olanda Fortuna Sittard
0%
Islanda Fram
0%
Norvegia Fredrikstad
0%
Danimarca Fremad Amager
0%
Norvegia Fyllingen
0%
Turchia Gençlerbirliği
0%
Belgio Genk
0%
Belgio Gent
0%
Irlanda del Nord Glentoran
0%
Irlanda del Nord Glevanon
0%
Romania Gloria Bistriţa
0%
Olanda Go Ahead Eagles
0%
Polonia Gornik Zabrze
0%
Norvegia Gøvik-Lyn
0%
Turchia Göztepe
0%
Svizzera Grasshopper
0%
Austria Grazer Ak
0%
Lussemburgo Grevenmacher
0%
Olanda Groningen
0%
Polonia Gwardia Warszawa
0%
Ungheria Gyori
0%
Finlandia Haka
0%
Ungheria Haladas
0%
Germania Est Hallescher
0%
Svezia Halmstads
0%
Svezia Hammarby
0%
Malta Hamrun Spartans
0%
Germania Hannover
0%
Israele Hapoel Rishon
0%
Norvegia Haugar
0%
Scozia Hearts
0%
Olanda Heerenveen
0%
Svezia Helsingborgs
0%
Finalndia Helsingin Palloseura
0%
Scozia Hibernian
0%
Malta Hibernians
0%
Finlandia HJK Helsinki
0%
Ungheria Honved
0%
Irlanda Hotel Farm
0%
Repubblica Ceca Hradec kralove
0%
Danimarca Hvidovre
0%
Islanda ÍA Akraness
0%
Islanda IBA
0%
Islanda ÍBV
0%
Svezia IFK Göteborg
0%
Svezia IFK Norrköping
0%
Danimarca Ikast
0%
Finlandia Ilves
0%
Slovacchia Inter Bratislava
0%
Inghilterra Ipswich Town
0%
Grecia Iraklis
0%
Repubblica Ceca Jablonec
0%
Lussemburgo Jeunesse d'Esch
0%
Romania Juul Petrosani
0%
Lussemburgo Käerjéng 97
0%
Germania Kaiserslautern
0%
Svezia Kalmar
0%
Azerbaijan Kapaz Ganca
0%
Ucraina Karpaty L'viv
0%
Grecia Kastoria
0%
Polonia Katowice
0%
Islanda Keflavik ÍF
0%
Albania K.F Tirana
0%
Albania K.F Vllazni
0%
Germania Kickers Offenbach
0%
Scozia Kilmrnock
0%
Danimarca Kjønbenhauns Boldklub
0%
Turchia Kocaelispor
0%
Ungheria Komloi
0%
Armenia Kotayk Abovian
0%
Islanda KR
0%
Austria Kremser
0%
Finlandia KuPS
0%
Finlandia Kuusysi
0%
Albania Laçi
0%
Finlandia Lahdan Reipas
0%
Svezia Landskrona BoIS
0%
Grecia Larissa
0%
Austria Lask
0%
Svizzera Lausanne
0%
Svizzera Le Chaux-de-fond
0%
Polonia Lechia Gdańsk
0%
Polonia Lech Poznań
0%
Inghilterra Leeds
0%
Polonia Legia Varsavia
0%
Inghilterra Leicester
0%
Portogallo Leixoes
0%
Francia Lens
0%
Belgio Lierse
0%
Norvegia Lillestrøm
0%
Irlanda Limerick
0%
Irlanda del Nord Linfield
0%
Irlanda del Nord Lisburn
0%
Polonia LKS Lodz
0%
Slovacchia Lokomotiv Kosice
0%
Russia Lokomotiv Mosca
0%
Svizzera Lucerna
0%
Norvegia Lyn
0%
Danimarca Lyngby
0%
Germania Est (🏆×1) Madgeburgo
0%
Belgio Malines
0%
Svezia Malmö FF
0%
Bulgaria Marek Dupnica
0%
Slovenia Maribor
0%
Germania Est Mecklenburg
0%
Ucraina Mentalità Kharkiv
0%
Turchia Mersin
0%
Galles Merthyr Tydfil
0%
Francia Metz
0%
Polonia Miedź Legnica
0%
Norvegia Mjondalen
0%
Turchia MKE Ankragücü
0%
Norvegia Molde
0%
Francia Montpellier
0%
Norvegia Moss
0%
Scozia Motherwell
0%
Germania Est Motor Jena
0%
Finlandia MP
0%
Bielorussia MPKC Mozyr
0%
Slovacchia MSK Zilina
0%
Slovenia Mura
0%
Finlandia MyPa
0%
Francia Nancy
0%
Francia Nantes
0%
Cipro Nea Salamis
0%
Olanda NEC
0%
Azerbaijan Neftci Baki
0%
Bielorussia Nëman
0%
Svizzera Neuchatel Xamax
0%
Inghilterra Newcastle
0%
Galles Newport County
0%
Francia Nimes
0%
Francia Nizza
0%
Croazia NK Zagabria
0%
Germania Norimberga
0%
Danimarca Nykøbing
0%
Serbia Oblic
0%
Danimarca Odense BK
0%
Serbia OFK Belgrado
0%
Slovenia Olimpia Lubiana
0%
Grecia Olympiacos
0%
Cipro Olympiakos Leukōsias
0%
Svezia Öster
0%
Grecia Panathinaikos
0%
Grecia Panionios
0%
Grecia Paok Salonicco
0%
Serbia Partizan
0%
Albania Partizani
0%
Ungheria Pecsi
0%
Romania Petrolul Proieşti
0%
Cipro Pezoporikos Larnaka
0%
Irlanda del Nord Portadown
0%
Slovenia Primorje
0%
Lussemburgo Progres Niedercorn
0%
Azerbaijan Qarabag
0%
Danimarca Randers FC
0%
Spagna Real Madrid B
0%
Spagna (🏆×1) Real saragozza
0%
Spagna Real Sociedad
0%
Spagna Real Valladolid
0%
Lussemburgo Red Boys
0%
Belgio RFC liegi
0%
Austria Ried
0%
Croazia Rijeka
0%
Olanda Roda
0%
Finlandia RoPS
0%
Norvegia Rosenborg
0%
Polonia Ruch Chorźow
0%
Slovenia Rudar Velenje
0%
Lussemburgo Rumelange
0%
Francia Saint-Etienne
0%
Turchia Sakaryaspor
0%
Svizzera San gallo
0%
Francia Sedan
0%
Svizzera Servette
0%
Ucraina Shakhtar Donetsk
0%
Irlanda Shamrock Rovers
0%
Irlanda Shelbourne
0%
Macedonia del Nord Sileks Kratovo
0%
Bulgaria Silven
0%
Ungheria Siofok
0%
Svizzera Sion
0%
Norvegia Skeid
0%
Polonia Slask Wroclaw
0%
Repubblica Ceca Slavia Praga
0%
Malta Sliema Wanderers
0%
Irlanda Sligo Rovers
0%
Macedonia del Nord Sloga Jugomagnat
0%
Slovacchia (🏆×1) Slovan Bratislava
0%
Inghilterra Southampton
0%
Lussemburgo Spora Lussemburgo
0%
Germania Est Sportverein Zwickau
0%
Polonia Stal Rseźow
0%
Belgio Standard Liegi
0%
Romania Steaua Bucarest
0%
Germania Stoccarda
0%
Austria Stockerau
0%
Irlanda St Patrick's Athletic
0%
Norvegia Strømsgodset
0%
Austria Sturm Graz
0%
Inghilterra Sunderland
0%
Galles Swansea City
0%
Lussemburgo Swift Hesperange
0%
Ungheria Tababanya
0%
Slovacchia Tatran Presov
0%
Albania Teuta Dürres
0%
Galles The New Saints
0%
Austria Tirol Innsbruk
0%
Albania Tomori Berat
0%
Russia Torpeda Mosca
0%
Finlandia TPS
0%
Turchia Trabzonspor
0%
Norvegia Tromsø
0%
Olanda Twente
0%
Romania U craiova
0%
Ungheria Ujpest
0%
Irlanda University College Dublino
0%
Olanda Utrecht
0%
Norvegia Vålerenga
0%
Malta Valletta
0%
Islanda Valur
0%
Danimarca Vanløse
0%
Croazia Varazdin
0%
Croazia Varteks
0%
Ungheria Vasas
0%
Danimarca Vejle BK
0%
Bosnia Erzegovina Velez Mostar
0%
Italia Vicenza
0%
Norvegia Viking
0%
Islanda Vikingur
0%
Repubblica Ceca Viktoria Plzen
0%
Ucraina(no pagina su wikipedia) Vinnycja
0%
Portogallo Vitoria FC
0%
Portogallo Vitoria Guimaraes
0%
Repubblica Ceca Vitoria Zizkov
0%
Germania Est Vorwarts Berlino
0%
Slovacchia VSS Kasice
0%
Austria Wacker Innasbruk
0%
Belgio Waregem
0%
Irlanda Waterford
0%
Belgio Waterschei Thor
0%
Inghilterra West Bromwich
0%
Inghilterra (🏆×1) West Ham
0%
Polonia Widzew Lodz
0%
Austria Wiener
0%
Olanda Willem II
0%
Polonia Wisla Cracovia
0%
Inghilterra Wolverhampton
0%
Galles Wrexham
0%
Svizzera Young Boys
0%
Polonia Zaglebie Sosmowiec
0%
Repubblica Ceca Zlin
0%
Svizzera Zurigo
0%
Malta Zurrieq
0%
Nessun quiz corrispondente trovato
Distribuzione punteggi
Percentuale di utenti per punteggio
Percentile per numero di risposta
I tuoi punteggi nel tempo
Non hai fatto questo quiz